A6EL - J'attends au Carrefour Market - Statistiques

Statistiques générales
  • Ce quiz a été pris 55 fois
  • Le résultat moyen est 173 sur 255
Statistiques - réponses
Réponse % Correct
de
97%
déteste
97%
Je
97%
je
97%
que
97%
qu'elle
97%
sais
97%
sais ?
97%
tous
97%
vous
97%
ce
94%
revenir
94%
va
94%
à
90%
a
90%
90%
la
90%
le
90%
te
90%
Est
84%
se
84%
des
81%
mon
81%
mort
81%
pas
81%
peu
81%
rentre
81%
s'te
81%
tu
81%
un
81%
c'est
77%
et
77%
Et
77%
plus
77%
rester
77%
seul
77%
toi
77%
Ma
74%
mes
74%
moi
74%
Moi
74%
peut
74%
qu'on
74%
rentrer
74%
dans
71%
depuis
71%
En
71%
en
71%
On
71%
on
71%
parler
71%
plait
71%
qui
71%
si
71%
ça
68%
J'dois
68%
j'veux
68%
lettres
68%
plumard
68%
Reviens
68%
t'es
68%
triste
68%
cas
65%
j'ai
65%
J'reste
65%
J'sais
65%
j't'écris
65%
quoi
65%
ressembles
65%
tout
65%
Tout
65%
âme
61%
cigarette
61%
d'mes
61%
doit
61%
filles
61%
Les
61%
les
61%
m'arrive
61%
pour
61%
Pour
61%
secrets
61%
semblant
61%
soeur
61%
sûr
61%
sur
61%
une
61%
chérie
58%
déjà
58%
deux
58%
dommage
58%
il
58%
J'fais
58%
mais
58%
police
58%
rêves
58%
sucette
58%
Y
58%
y
58%
avec
55%
ballade
55%
devant
55%
d'fumer
55%
montrer
55%
nous
55%
porte
55%
suis
55%
avait
52%
chez
52%
faire
52%
lacets
52%
Nan
52%
pleurer
52%
protéger
52%
ta
52%
veux
52%
c'était
48%
C'était
48%
fleurs
48%
j'trouvais
48%
perd
48%
plage
48%
pouvait
48%
rappellent
48%
refaire
48%
seule
48%
suspect
48%
vendre
48%
y'avait
48%
bas
45%
d'c'qui
45%
Dis
45%
l'navire
45%
qu'ils
45%
cause
42%
choses
42%
Comme
42%
comme
42%
d'chez
42%
dessins
42%
devait
42%
d'ta
42%
d'vant
42%
l'emballage
42%
même
42%
ou
42%
r'trouvé
42%
fête
39%
J'espère
39%
m'oublier
39%
promis
39%
qu'tu
39%
avant
35%
J'mets
35%
mieux
35%
perdre
35%
ramène
35%
t'souviens
35%
Askip
32%
jour
32%
l'autre
32%
qu'je
32%
qu'un
32%
s'est
32%
T'façon
32%
Aucun quiz correspondant
Distribution des résultats
% des personnes avec chaque résultat
Percentile par nombre de réponses
Votre historique - résultats
Vous n’avez pas pris ce quiz